Countries on the same Latitude as Buenos Aires - Statistics

General Stats
  • This quiz has been taken 10 times
  • The average score is 4 of 5
Answer Stats
Countries % Correct
Australia
100%
South Africa
100%
Chile
89%
Uruguay
89%
New Zealand
67%
No matching quizzes found
Score Distribution
Percent of People with Each Score
Percentile by Number Answered
Your Score History
You have not taken this quiz